[Event "Solingen"]
[Site "IX. Karnevals-Open"]
[Date "2018.02.10"]
[Round "3.4"]
[White "Nagel, Bernhard"]
[Black "Neubauer, Jürgen"]
[Result "1/2-1/2"]
[WhiteElo "2206"]
[BlackElo "2046"]
[PlyCount "80"]
[EventDate "2018.??.??"]
[WhiteTeam "Kölner SK Dr. Lasker"]
[BlackTeam "SK Turm Euskirchen"]

1. Nf3 g6 2. c4 Bg7 3. g3 c5 4. Nc3 Nc6 5. Bg2 d6 6. b3 Bf5 7. Bb2 Qd7 8. h3 e5
9. e4 Be6 10. Ng5 Nge7 11. O-O Bf6 12. Nxe6 fxe6 13. Ne2 O-O 14. d3 Rf7 15. a3
a5 16. Bc3 b6 17. Qd2 Bg7 18. b4 Nd4 19. Nxd4 exd4 20. Bb2 e5 21. Rab1 axb4 22.
axb4 Nc6 23. bxc5 bxc5 24. Bc1 Nb4 25. Qe2 Ra2 26. Rb2 Qa4 27. Rxa2 Qxa2 28.
Qxa2 Nxa2 29. Bd2 Rb7 30. Rd1 Rb2 31. Ba5 Kf7 32. Bf1 Bh6 33. Bd8 Bd2 34. h4
Bh6 35. Bg5 Bxg5 36. hxg5 Kg7 37. Re1 h6 38. gxh6+ Kxh6 39. Re2 Rxe2 40. Bxe2
Nc3 1/2-1/2

[Event "Solingen"]
[Site "IX. Karnevals-Open"]
[Date "2018.02.10"]
[Round "3.6"]
[White "Prang, Andreas"]
[Black "Chittka, Julius"]
[Result "0-1"]
[WhiteElo "1832"]
[BlackElo "2182"]
[PlyCount "106"]
[EventDate "2018.??.??"]
[WhiteTeam "SV Unser Fritz"]
[BlackTeam "SF Düsseldorf-Süd"]

1. c4 g6 2. g3 Bg7 3. Bg2 c5 4. Nc3 Nc6 5. a3 Nf6 6. Rb1 O-O 7. b4 d6 8. d3 Qc7
9. Bg5 Be6 10. Qd2 Rfd8 11. Nh3 Qd7 12. Nf4 Bf5 13. Nfd5 Nxd5 14. Nxd5 f6 15.
Be3 b6 16. h3 Rab8 17. Nf4 Qc8 18. Nd5 Re8 19. h4 Ne5 20. Qc2 b5 21. cxb5 c4
22. Rc1 Qd7 23. Be4 cxd3 24. exd3 Bxe4 25. dxe4 Qxb5 26. Nc7 Nf3+ 27. Kd1 Qh5
28. Qa2+ Kh8 29. Kc2 Rec8 30. Kb1 a5 31. Na6 axb4 32. Nxb8 Rxb8 33. Qd5 bxa3+
34. Ka2 Ne5 35. Rc2 Qg4 36. Rhc1 Qd7 37. Bf4 e6 38. Qd2 f5 39. Rb1 Rxb1 40.
Kxb1 fxe4 41. Qa5 Qb7+ 42. Ka2 Nc6 43. Qxa3 Nb4+ 44. Qxb4 Qxb4 45. Rc8+ Bf8 46.
Rxf8+ Kg7 47. Rc8 Qb7 48. Rc2 e5 49. Bg5 d5 50. Rb2 Qa7+ 51. Kb1 d4 52. Bd8 Kf7
53. Rc2 Qb8+ 0-1

[Event "Solingen"]
[Site "IX. Karnevals-Open"]
[Date "2018.02.10"]
[Round "3.7"]
[White "Coenen, Michael"]
[Black "Pinto, Antonio"]
[Result "1-0"]
[WhiteElo "2365"]
[BlackElo "1944"]
[PlyCount "37"]
[EventDate "2018.??.??"]
[WhiteTeam "Düsseldorfer SK"]
[BlackTeam "Italien"]
[BlackTeamCountry "ITA"]

1. e4 c5 2. Nf3 Nc6 3. d4 cxd4 4. Nxd4 g6 5. Be3 Bg7 6. Nc3 Nf6 7. f3 O-O 8.
Bc4 Qb6 9. O-O Nxe4 10. Nd5 Qc5 11. Nxc6 Qxc4 12. Ncxe7+ Kh8 13. fxe4 Qxe4 14.
Rf4 Qe6 15. Bd4 f6 16. Qf3 Qd6 17. Rh4 Rf7 18. Re1 g5 19. Rxh7+ 1-0

[Event "Solingen"]
[Site "IX. Karnevals-Open"]
[Date "2018.02.10"]
[Round "3.8"]
[White "Eickholt, Marc"]
[Black "Dresen, Ulrich"]
[Result "0-1"]
[WhiteElo "1944"]
[BlackElo "2221"]
[PlyCount "92"]
[EventDate "2018.??.??"]
[WhiteTeam "ESK WD Wedau"]
[BlackTeam "SF Gerresheim"]

1. d4 d5 2. Bf4 Nf6 3. Nc3 Bf5 4. e3 c6 5. f3 h6 6. g4 Bh7 7. Bd3 e6 8. Nge2
Be7 9. Qd2 Nbd7 10. O-O-O Bxd3 11. Qxd3 Qa5 12. Kb1 b5 13. Rdg1 g5 14. Bg3 b4
15. Nd1 c5 16. dxc5 Nxc5 17. Qd2 O-O-O 18. Nd4 Qb6 19. h4 Nfd7 20. Nf2 Bf6 21.
Rh2 Ne5 22. Qe2 Nc4 23. Rgh1 Na4 24. Nd3 Ncxb2 25. Qd2 Nc4 26. Qxb4 Nc3+ 27.
Ka1 Qxb4 28. Nxb4 Nxe3 29. Nbc6 Nb5 30. Be5 Bxe5 31. Nxe5 Nxd4 32. Nxf7 Rhf8
33. Nxd8 Rxd8 34. hxg5 hxg5 35. c3 Nxf3 36. Rh6 Kd7 37. Rh7+ Kd6 38. Rxa7 Rb8
39. a4 Nd2 40. Rh2 Ndc4 41. Rg7 Rb3 42. Rxg5 Nd1 43. Ka2 Ra3+ 44. Kb1 Nxc3+ 45.
Kc2 Ra2+ 46. Kxc3 Rxh2 0-1

[Event "Solingen"]
[Site "IX. Karnevals-Open"]
[Date "2018.02.10"]
[Round "3.9"]
[White "Peschel, Andreas"]
[Black "Arakelian, Aik"]
[Result "1-0"]
[WhiteElo "2185"]
[BlackElo "1924"]
[PlyCount "85"]
[EventDate "2018.??.??"]
[WhiteTeam "SG Solingen"]
[BlackTeam "SG Ennepe-Ruhr-Süd"]

1. Nf3 Nf6 2. g3 g6 3. b3 Bg7 4. Bb2 b6 5. Bg2 Bb7 6. O-O O-O 7. c4 c5 8. d4
cxd4 9. Qxd4 d6 10. Qd3 Nbd7 11. Nc3 Nc5 12. Qc2 Rc8 13. Rad1 Qc7 14. Qb1 Qb8
15. Bh3 e6 16. Nb5 Rfd8 17. Qa1 Nce4 18. Nd2 Nh5 19. Bxg7 Nxg7 20. Bg2 Nxd2 21.
Bxb7 Qxb7 22. Rxd2 Qe7 23. Rfd1 Ne8 24. Qb2 a6 25. Nc3 Qb7 26. a4 Rd7 27. Rd4
Rcd8 28. Qd2 Nf6 29. Qf4 e5 30. Qxf6 exd4 31. Nd5 Re8 32. Qxd4 Re6 33. Nf6+
Rxf6 34. Qxf6 Qe4 35. Rd3 Re7 36. Rxd6 Qxe2 37. Rxb6 Re8 38. Rb7 Rf8 39. Kg2 a5
40. Qf3 Qe6 41. Qd5 Qe1 42. c5 Qc3 43. c6 1-0

[Event "Solingen"]
[Site "IX. Karnevals-Open"]
[Date "2018.02.10"]
[Round "3.10"]
[White "Terhuven, Patrick"]
[Black "Borchert, Stephan"]
[Result "1-0"]
[WhiteElo "2112"]
[BlackElo "1936"]
[PlyCount "73"]
[EventDate "2018.??.??"]
[WhiteTeam "Krefelder SK Turm"]
[BlackTeam "SG Solingen"]

1. c4 Nf6 2. g3 g6 3. b4 c5 4. bxc5 Qa5 5. Bb2 Bg7 6. Nf3 Qxc5 7. Qc2 d5 8. d3
Nc6 9. Bg2 dxc4 10. O-O O-O 11. Nbd2 Be6 12. Rac1 Rac8 13. Nxc4 b5 14. Ba3 Qh5
15. Ne3 b4 16. Bb2 Bh6 17. Qa4 Bd7 18. Qa6 Ng4 19. Nxg4 Bxc1 20. Nf6+ exf6 21.
Rxc1 Qa5 22. Rxc6 Qxa6 23. Rxa6 Rc2 24. Bxf6 Rxe2 25. Rxa7 Be6 26. Rb7 Bxa2 27.
Rxb4 Rc8 28. h4 h6 29. g4 Be6 30. g5 h5 31. Nd4 Re1+ 32. Kh2 Bd7 33. Rb7 Be8
34. Be4 Rd1 35. Bxg6 Kf8 36. Be4 Rd2 37. Kg3 1-0

[Event "Solingen"]
[Site "IX. Karnevals-Open"]
[Date "2018.02.10"]
[Round "3.11"]
[White "Vranidis, Georgios"]
[Black "Flesch, Dr. Stefan"]
[Result "1/2-1/2"]
[WhiteElo "1941"]
[BlackElo "2081"]
[PlyCount "34"]
[EventDate "2018.??.??"]
[WhiteTeam "SC Solingen 28"]
[BlackTeam "SG Solingen"]

1. e4 e6 2. d4 d5 3. exd5 exd5 4. Bd3 Bd6 5. Ne2 Qf6 6. Be3 Ne7 7. Qc1 h6 8. c3
Bf5 9. Bxf5 Nxf5 10. Bf4 g5 11. Bxd6 Nxd6 12. Qe3+ Kd7 13. O-O Nc6 14. Nd2 Rae8
15. Qh3+ Qe6 16. Qxe6+ Rxe6 17. Rfe1 Rhe8 1/2-1/2

[Event "Solingen"]
[Site "IX. Karnevals-Open"]
[Date "2018.02.10"]
[Round "3.12"]
[White "Gutkin, Ilya"]
[Black "Zettl, Thomas"]
[Result "1-0"]
[WhiteElo "1891"]
[BlackElo "1982"]
[PlyCount "109"]
[EventDate "2018.??.??"]
[WhiteTeam "ESK WD Wedau"]
[BlackTeam "SF Moers"]

1. e4 g6 2. d4 Bg7 3. c3 d6 4. Be3 Nf6 5. Bd3 e5 6. h3 Nc6 7. Ne2 d5 8. Nd2 O-O
9. O-O dxe4 10. Nxe4 Nd5 11. Bg5 f6 12. Bc1 Kh8 13. dxe5 Nxe5 14. Bc2 Ne7 15.
Bf4 Nf5 16. Qxd8 Rxd8 17. Rad1 Rf8 18. Nc5 Nd6 19. Nd4 Re8 20. Rfe1 b6 21. Ne4
Bd7 22. Nxd6 cxd6 23. Be4 Rac8 24. Nf3 Bf8 25. Bxe5 fxe5 26. Ng5 Be6 27. Bd5
Bxd5 28. Rxd5 Rc5 29. Rxc5 bxc5 30. c4 Rb8 31. b3 h6 32. Ne4 Kg7 33. Rd1 Rb6
34. Nc3 a6 35. f3 Rc6 36. Kf2 Kf7 37. Ke3 h5 38. Ke4 Ke6 39. g3 Rc7 40. Nd5 Rh7
41. f4 Rf7 42. Rf1 Bh6 43. g4 hxg4 44. hxg4 exf4 45. Nxf4+ Kd7 46. Rf3 Re7+ 47.
Kd3 Rf7 48. Ke3 Bg5 49. Rf2 Rh7 50. Ke4 Re7+ 51. Kd3 Rg7 52. Nd5 Be7 53. Ke4
Rh7 54. a3 Rh3 55. Rf7 1-0

[Event "Solingen"]
[Site "IX. Karnevals-Open"]
[Date "2018.02.10"]
[Round "3.13"]
[White "Scholzen, Wolfgang"]
[Black "Scheffner, Jarno"]
[Result "1-0"]
[WhiteElo "2062"]
[BlackElo "1800"]
[PlyCount "39"]
[EventDate "2018.??.??"]
[WhiteTeam "SK Turm Euskirchen"]
[BlackTeam "SK Nordhorn-Blanke"]

1. d4 Nf6 2. Nf3 g6 3. c4 Bg7 4. Nc3 O-O 5. Bg5 c5 6. d5 d6 7. e4 e6 8. Bd3 Na6
9. O-O Nc7 10. Nd2 h6 11. Bh4 Bd7 12. f4 exd5 13. e5 dxe5 14. fxe5 g5 15. exf6
Bxf6 16. Bf2 dxc4 17. Nxc4 b5 18. Nd6 c4 19. Bb1 b4 20. Qc2 1-0

[Event "Solingen"]
[Site "IX. Karnevals-Open"]
[Date "2018.02.10"]
[Round "3.15"]
[White "Bruil, Rembrandt"]
[Black "Meckel, Helmut"]
[Result "1/2-1/2"]
[WhiteElo "1976"]
[BlackElo "1751"]
[PlyCount "41"]
[EventDate "2018.??.??"]
[WhiteTeam "SK Turm Kleve"]
[BlackTeam "SG Solingen"]

1. d4 f5 2. Bg5 Nf6 3. Bxf6 exf6 4. e3 d5 5. c4 Bb4+ 6. Nc3 O-O 7. Bd3 dxc4 8.
Bxc4+ Kh8 9. Nge2 c6 10. Nf4 Qe8 11. O-O Bd6 12. Nce2 g5 13. Nd3 Nd7 14. Bb3
Nb6 15. Nc3 Be6 16. Bc2 Nd5 17. Re1 Qf7 18. f3 Qh5 19. f4 Qh6 20. Nc5 Bxc5 21.
dxc5 1/2-1/2

[Event "Solingen"]
[Site "IX. Karnevals-Open"]
[Date "2018.02.10"]
[Round "3.16"]
[White "Reinhardt, Klaus"]
[Black "Asadzade, Idris"]
[Result "0-1"]
[WhiteElo "1834"]
[BlackElo "1971"]
[PlyCount "80"]
[EventDate "2018.??.??"]
[WhiteTeam "vereinslos"]
[BlackTeam "Königsspringer Leverkusen"]

1. f4 d5 2. Nf3 Bg4 3. b3 Nd7 4. Bb2 Ngf6 5. e3 c6 6. Be2 Qc7 7. Ne5 Bxe2 8.
Qxe2 e6 9. O-O Bd6 10. d4 Ne4 11. Nd2 Nxd2 12. Qxd2 O-O 13. c4 f6 14. Nd3 dxc4
15. bxc4 c5 16. Rac1 Rac8 17. g3 Rfd8 18. d5 exd5 19. cxd5 b5 20. e4 Qb6 21.
Kh1 c4 22. Nb4 Bxb4 23. Qxb4 a5 24. Qd2 b4 25. Bd4 Qb5 26. Qe2 Re8 27. Qf3 c3
28. Rfe1 Qc4 29. Qf2 f5 30. e5 Qxd5+ 31. Kg1 Nc5 32. Bxc5 Qxc5 33. Qxc5 Rxc5
34. Red1 a4 35. Rd7 b3 36. axb3 axb3 37. Rb7 b2 38. Rc2 Rd5 39. Rxc3 Rd1+ 40.
Kg2 b1=Q 0-1

[Event "Solingen"]
[Site "IX. Karnevals-Open"]
[Date "2018.02.10"]
[Round "3.17"]
[White "Vranidis, Athanassios"]
[Black "Diegel, Jonas"]
[Result "1-0"]
[WhiteElo "1958"]
[BlackElo "1729"]
[PlyCount "105"]
[EventDate "2018.??.??"]
[WhiteTeam "SG Solingen"]
[BlackTeam "SG Ennepe-Ruhr-Süd"]

1. d4 e6 2. c4 Nf6 3. Nc3 Bb4 4. Qc2 c5 5. dxc5 Qa5 6. Bd2 Qxc5 7. e3 Nc6 8. a3
Bxc3 9. Bxc3 Qe7 10. Nf3 b6 11. Be2 Bb7 12. Rd1 Rd8 13. O-O O-O 14. Ng5 e5 15.
b4 h6 16. Ne4 Nxe4 17. Qxe4 f5 18. Qd5+ Kh8 19. Qd6 Qe8 20. b5 Na5 21. Qxe5 Qg6
22. Qg3 Qxg3 23. hxg3 Nb3 24. Rd6 Nc5 25. Rxh6+ Kg8 26. Rg6 Ne6 27. g4 f4 28.
exf4 Rxf4 29. g3 Re4 30. Bd3 Kf7 31. Bxe4 Bxe4 32. Rxe6 dxe6 33. f3 Ba8 34. Kg2
Bb7 35. Rf2 Rd3 36. Bb4 a6 37. bxa6 Bxa6 38. c5 bxc5 39. Bxc5 Bb7 40. a4 Kg6
41. a5 Rc3 42. Bb6 Rd3 43. Bc5 Rc3 44. Bb4 Rd3 45. Bd2 Bxf3+ 46. Rxf3 Rxd2+ 47.
Rf2 Rd7 48. Rb2 Kf6 49. a6 Ra7 50. Ra2 e5 51. Kf3 Ke6 52. Ke4 Kd6 53. Ra5 1-0

[Event "Solingen"]
[Site "IX. Karnevals-Open"]
[Date "2018.02.10"]
[Round "3.18"]
[White "Rohfleisch, Daniel"]
[Black "Schülke, Tilman"]
[Result "1/2-1/2"]
[WhiteElo "1820"]
[BlackElo "1945"]
[PlyCount "77"]
[EventDate "2018.??.??"]
[WhiteTeam "OSC Rheinhausen"]
[BlackTeam "Düsseldorfer SV"]

1. e4 g6 2. d4 d6 3. Nc3 Bg7 4. f4 c6 5. Nf3 d5 6. e5 h5 7. Bd3 Nh6 8. Qe2 Bg4
9. e6 f5 10. h3 Bxf3 11. gxf3 Bf6 12. Qg2 Bh4+ 13. Kf1 Rg8 14. Bd2 Qd6 15. Qe2
Bf6 16. Qe3 Kf8 17. a3 Kg7 18. Rg1 Kh7 19. Rg2 b5 20. Kg1 Na6 21. Ne2 Nc7 22.
Kh2 Rg7 23. a4 b4 24. Rag1 Rag8 25. Ng3 Qxe6 26. Qf2 h4 27. Ne2 Nf7 28. Bxb4
Qd7 29. Bd2 Ne8 30. Nc1 Ned6 31. Nb3 Nb7 32. Ba6 Qc7 33. Bxb7 Qxb7 34. Nc5 Qc8
35. Re1 Nd8 36. Ba5 Rf7 37. Bxd8 Qxd8 38. Ne6 Qd6 39. b3 1/2-1/2

[Event "Solingen"]
[Site "IX. Karnevals-Open"]
[Date "2018.02.10"]
[Round "3.19"]
[White "Jacobi, Niklas"]
[Black "Klugstedt, Vincent"]
[Result "1-0"]
[WhiteElo "1926"]
[BlackElo "1684"]
[PlyCount "103"]
[EventDate "2018.??.??"]
[WhiteTeam "SV Wesel"]
[BlackTeam "TV Borken"]

1. e4 c5 2. Nf3 Nc6 3. d4 cxd4 4. Nxd4 g6 5. c4 Nxd4 6. Qxd4 Nf6 7. Nc3 Bg7 8.
Be3 O-O 9. Qd2 d6 10. f3 Be6 11. Be2 Rc8 12. b3 a5 13. Rc1 Nd7 14. O-O Nc5 15.
Rfd1 Bd7 16. Bh6 Qb6 17. Nd5 Qd8 18. Bxg7 Kxg7 19. Qe3 Bc6 20. e5 Bxd5 21. Rxd5
Rc6 22. Rcd1 Qc7 23. exd6 exd6 24. Qd4+ Kg8 25. Rxd6 Ne6 26. Rxc6 Qxc6 27. Qd5
Qb6+ 28. Kf1 Rd8 29. Qb5 Rxd1+ 30. Bxd1 Qxb5 31. cxb5 b6 32. Be2 Nd4 33. Bc4
Kf8 34. Kf2 Ke7 35. Ke3 Nc2+ 36. Ke4 f6 37. h4 h6 38. g4 Nb4 39. a3 Nc2 40. Kd5
Nxa3 41. Bd3 Kd7 42. f4 g5 43. fxg5 fxg5 44. h5 Kc7 45. Ke6 Kb7 46. Kd7 Ka8 47.
Kc6 Ka7 48. Kc7 Ka8 49. Kxb6 a4 50. bxa4 Kb8 51. a5 Ka8 52. a6 1-0

[Event "Solingen"]
[Site "IX. Karnevals-Open"]
[Date "2018.02.10"]
[Round "3.20"]
[White "Bießner, Eberhard"]
[Black "Gerlach, Felix"]
[Result "0-1"]
[WhiteElo "1756"]
[BlackElo "1893"]
[PlyCount "46"]
[EventDate "2018.??.??"]
[WhiteTeam "Rheydter SV"]
[BlackTeam "SF Brackel"]

1. e4 e5 2. Nf3 Nc6 3. Bc4 Bc5 4. c3 Nf6 5. d4 exd4 6. cxd4 Bb4+ 7. Bd2 Bxd2+
8. Nbxd2 d5 9. exd5 Nxd5 10. Qe2+ Be6 11. O-O O-O 12. Rac1 Qf6 13. Nb3 Rad8 14.
Rfe1 Bg4 15. Qe4 Bxf3 16. gxf3 Nf4 17. Bf1 Rd6 18. Red1 Qg5+ 19. Kh1 Rg6 20.
Qxg6 hxg6 21. d5 Ne5 22. Rc3 Qh5 23. Nd4 Rd8 0-1

[Event "Solingen"]
[Site "IX. Karnevals-Open"]
[Date "2018.02.10"]
[Round "3.21"]
[White "Nasoyan, Maksim"]
[Black "Grunwald, Günther"]
[Result "1-0"]
[WhiteElo "1893"]
[BlackElo "1609"]
[PlyCount "95"]
[EventDate "2018.??.??"]
[WhiteTeam "SG Ennepe-Ruhr-Süd"]
[BlackTeam "SW Oberhausen"]

1. e4 e5 2. Nf3 Nc6 3. d4 exd4 4. Bc4 Nf6 5. e5 Ne4 6. Bd5 Nc5 7. O-O Be7 8.
Nxd4 Nxd4 9. Qxd4 Ne6 10. Qg4 h5 11. Qe2 c6 12. Bf3 Nd4 13. Qd3 Nxf3+ 14. Qxf3
d5 15. exd6 Qxd6 16. Bf4 Qf6 17. Re1 Be6 18. Qe4 Qf5 19. Qxf5 Bxf5 20. Be5 Rg8
21. Nc3 O-O-O 22. Bxg7 Bb4 23. Bf6 Rde8 24. Red1 Bxc3 25. Bxc3 Re2 26. Bd4 b6
27. c4 Be4 28. g3 h4 29. Re1 Bd3 30. Kg2 Rge8 31. Rxe2 Rxe2 32. gxh4 Re4 33.
Bf6 Rxc4 34. Rd1 Be4+ 35. f3 Bd5 36. Kg3 Kd7 37. Re1 Be6 38. h5 Rc5 39. Rd1+
Kc7 40. Kh4 Rf5 41. Bd8+ Kb7 42. Rd3 Rb5 43. h6 Bf5 44. Rd2 Bg6 45. Bg5 f6 46.
Bxf6 Rh5+ 47. Kg3 Ra5 48. h7 1-0

[Event "Solingen"]
[Site "IX. Karnevals-Open"]
[Date "2018.02.10"]
[Round "3.24"]
[White "Mukovskiy, Peter"]
[Black "Ostra, Noah"]
[Result "0-1"]
[WhiteElo "1292"]
[BlackElo "1793"]
[PlyCount "44"]
[EventDate "2018.??.??"]
[WhiteTeam "Düsseldorfer SK"]
[BlackTeam "SG Ennepe-Ruhr-Süd"]

1. d4 Nf6 2. c4 g6 3. Nc3 d5 4. cxd5 Nxd5 5. e4 Nxc3 6. bxc3 Bg7 7. Nf3 c5 8.
Be2 Nc6 9. Be3 O-O 10. O-O Bg4 11. Qd2 Bxf3 12. Bxf3 cxd4 13. cxd4 Nxd4 14.
Bxd4 Bxd4 15. Rab1 Rb8 16. e5 b5 17. Qe2 Qb6 18. Rfc1 Rfc8 19. h3 a6 20. Re1 e6
21. Kf1 Rc5 22. Qd2 Bc3 0-1

[Event "Solingen"]
[Site "IX. Karnevals-Open"]
[Date "2018.02.10"]
[Round "3.25"]
[White "Kublanov, Carolin"]
[Black "Bünte, Kirsten"]
[Result "1/2-1/2"]
[WhiteElo "1774"]
[BlackElo "1433"]
[PlyCount "69"]
[EventDate "2018.??.??"]
[WhiteTeam "SG Solingen"]
[BlackTeam "Rhedaer SV"]

1. e4 c6 2. d4 d5 3. e5 c5 4. c3 Nc6 5. Nf3 Bg4 6. Be2 e6 7. Be3 Nge7 8. h3
Bxf3 9. Bxf3 Nf5 10. O-O cxd4 11. cxd4 Qb6 12. Nc3 Ncxd4 13. Bxd5 Nxe3 14. fxe3
Nc6 15. Qf3 Nxe5 16. Qe4 Bd6 17. Bxb7 Rb8 18. Qa4+ Ke7 19. Qh4+ f6 20. Bf3
Qxe3+ 21. Kh1 Rxb2 22. Ne4 Nxf3 23. Rxf3 Qe2 24. Rf2 Qb5 25. Nxd6 Rb1+ 26. Rxb1
Qxb1+ 27. Kh2 Kxd6 28. Qg3+ Kc6 29. Qc3+ Kd5 30. Rd2+ Ke4 31. Rd4+ Kf5 32. Qf3+
Kg6 33. Qg4+ Kh6 34. Qf4+ Kg6 35. Qg4+ 1/2-1/2

[Event "Solingen"]
[Site "IX. Karnevals-Open"]
[Date "2018.02.10"]
[Round "3.27"]
[White "Marchenko, Dimitrij"]
[Black "Hallmann, Michelle"]
[Result "1-0"]
[WhiteElo "1618"]
[BlackElo "1725"]
[PlyCount "37"]
[EventDate "2018.??.??"]
[WhiteTeam "SK Königsspringer Iserlohn"]
[BlackTeam "SG Freibauer Lübbecke"]

1. e4 c6 2. Nc3 d5 3. d4 dxe4 4. Nxe4 Bf5 5. Ng3 Bg6 6. h4 h6 7. h5 Bh7 8. Bd3
Bxd3 9. Qxd3 e6 10. Nf3 Nd7 11. Bf4 Qa5+ 12. c3 Be7 13. Ne4 Qd5 14. Nfd2 f5 15.
Ng3 Qxg2 16. Nf3 O-O-O 17. Rh2 Nc5 18. Qe2 Qxh2 19. Nxh2 1-0

[Event "Solingen"]
[Site "IX. Karnevals-Open"]
[Date "2018.02.10"]
[Round "3.28"]
[White "Bashylina, Luisa"]
[Black "Fodor, Bernhard"]
[Result "1-0"]
[WhiteElo "1721"]
[BlackElo "1310"]
[PlyCount "61"]
[EventDate "2018.??.??"]
[WhiteTeam "SG Solingen"]
[BlackTeam "SG Solingen"]

1. e4 c5 2. Nf3 Nc6 3. Bb5 Nf6 4. Bxc6 bxc6 5. d3 d6 6. O-O Bg4 7. Be3 h6 8.
Nbd2 e5 9. c3 Qc7 10. d4 Be7 11. h3 Bd7 12. dxe5 dxe5 13. Qc2 Nh7 14. Nb3 O-O
15. Nxc5 Bxh3 16. gxh3 Qc8 17. Kh2 Ng5 18. Nxg5 hxg5 19. Rg1 Rb8 20. Rad1 Bxc5
21. Bxc5 f6 22. Bxf8 Qxf8 23. Rd7 a5 24. Rgd1 Kh7 25. b3 Qc5 26. Qe2 Kh6 27.
Qe3 Qxe3 28. fxe3 Rh8 29. Rc7 Kg6 30. Rdd7 Rh7 31. Kg3 1-0

[Event "Solingen"]
[Site "IX. Karnevals-Open"]
[Date "2018.02.10"]
[Round "3.29"]
[White "Poschadel, Andreas Gregor"]
[Black "Bünte, Dr. Andreas"]
[Result "1-0"]
[WhiteElo "1691"]
[BlackElo "1561"]
[PlyCount "135"]
[EventDate "2018.??.??"]
[WhiteTeam "Hamelner SV"]
[BlackTeam "Rhedaer SV"]

1. e4 c6 2. d4 d5 3. exd5 cxd5 4. Bd3 Nc6 5. c3 Qc7 6. h3 Nf6 7. Ne2 e6 8. Bg5
Be7 9. Nd2 h6 10. Bh4 a5 11. O-O b6 12. Bb5 Ba6 13. Bxa6 Rxa6 14. f4 Ra8 15.
Bg3 Bd6 16. Rf3 Ne4 17. Nxe4 dxe4 18. Re3 f5 19. Qd2 Ne7 20. c4 Kf7 21. b3 Rac8
22. Rf1 Bb4 23. Qb2 Rhg8 24. Nc3 Qd7 25. Nb5 Nc6 26. Rd1 Be7 27. Re2 Na7 28.
Nxa7 Qxa7 29. d5 exd5 30. Rxd5 g6 31. Kh1 Bf6 32. Qa3 Rc7 33. Red2 Re8 34. Qa4
Ree7 35. Re2 Qb7 36. Bf2 Rcd7 37. Red2 Rc7 38. Be3 Rc6 39. Qb5 Bc3 40. Rd1 Bb4
41. g4 fxg4 42. hxg4 Qc8 43. f5 Bc5 44. Bxh6 gxf5 45. g5 f4 46. Kh2 Qg4 47.
Rf5+ Qxf5 48. Qxc6 f3 49. g6+ Qxg6 50. Qd5+ Kf6 51. Qd2 Qh5+ 52. Kg3 Qe5+ 53.
Qf4+ Qxf4+ 54. Kxf4 f2 55. Bg5+ Ke6 56. Bxe7 Kxe7 57. Kxe4 Kf6 58. Kf3 Ke5 59.
Rd5+ Ke6 60. Ke2 Kf6 61. Rxc5 f1=Q+ 62. Kxf1 bxc5 63. Kf2 Ke5 64. Ke3 Kd6 65.
Kf4 Ke6 66. Ke4 Kd6 67. Kf5 Kd7 68. Ke5 1-0

[Event "Solingen"]
[Site "IX. Karnevals-Open"]
[Date "2018.02.10"]
[Round "3.30"]
[White "Büttgenbach, Uwe-Eugen"]
[Black "Nalliboyana, Sivaram"]
[Result "1/2-1/2"]
[WhiteElo "1666"]
[BlackElo "1138"]
[PlyCount "69"]
[EventDate "2018.??.??"]
[WhiteTeam "Ronsdorfer SV"]
[BlackTeam "SV Eichlinghofen"]

1. e4 c5 2. f4 Nc6 3. Nf3 e6 4. d4 cxd4 5. Nxd4 Bc5 6. Nf3 Nf6 7. Bd3 Qb6 8.
Qe2 d6 9. c3 Qc7 10. h3 Ne7 11. Nbd2 Ng6 12. Nb3 Nh5 13. Bb5+ Bd7 14. Nxc5 dxc5
15. Bxd7+ Qxd7 16. Qf2 Nhxf4 17. O-O Qe7 18. Be3 b6 19. Bxf4 Nxf4 20. Ne5 Ng6
21. Qxf7+ Qxf7 22. Nxf7 O-O 23. Ng5 e5 24. Rxf8+ Rxf8 25. Rd1 h6 26. Nf3 Rf7
27. h4 Rf4 28. h5 Nh4 29. Nxe5 Rxe4 30. Rd8+ Kh7 31. Nf7 g5 32. Rd7 Re2 33.
Nxg5+ Kg8 34. Nf7 Rxg2+ 35. Kf1 1/2-1/2

[Event "Solingen"]
[Site "IX. Karnevals-Open"]
[Date "2018.02.10"]
[Round "3.31"]
[White "Holdsch, Peter-Michael"]
[Black "Albrecht, Philipp"]
[Result "1-0"]
[WhiteElo "1628"]
[BlackElo "1021"]
[PlyCount "89"]
[EventDate "2018.??.??"]
[WhiteTeam "SW Oberhausen"]
[BlackTeam "SF Brett vor'm Kopp Duisburg"]

1. Nf3 Nf6 2. g3 e6 3. Bg2 d5 4. d3 Nbd7 5. Nbd2 Bd6 6. e4 c5 7. O-O Qc7 8. Re1
Ne5 9. Nxe5 Bxe5 10. f4 Bd4+ 11. Kh1 e5 12. c3 Ng4 13. Re2 Nf2+ 14. Rxf2 Bxf2
15. Qe2 dxe4 16. Nxe4 f5 17. Nxf2 Bd7 18. Qxe5+ Qxe5 19. fxe5 O-O 20. Be3 Rfe8
21. d4 Bc6 22. Bxc6 bxc6 23. Nd3 Rad8 24. Nxc5 h6 25. h4 Rd5 26. b4 Ra8 27. Rf1
Rf8 28. h5 Rdd8 29. Ne6 Ra8 30. Nxf8 Rxf8 31. g4 f4 32. Rxf4 Ra8 33. Rf2 a5 34.
a3 axb4 35. axb4 Ra3 36. Bd2 Ra1+ 37. Kg2 Ra8 38. g5 Kh7 39. g6+ Kg8 40. Kf3
Rf8+ 41. Bf4 Rd8 42. Ke4 Rd5 43. Be3 Rd7 44. e6 Ra7 45. Rf7 1-0

[Event "Solingen"]
[Site "IX. Karnevals-Open"]
[Date "2018.02.10"]
[Round "3.32"]
[White "Illner, Jan"]
[Black "Bigott, Martin"]
[Result "0-1"]
[WhiteElo "1462"]
[BlackElo "1793"]
[PlyCount "36"]
[EventDate "2018.??.??"]
[WhiteTeam "SG Bochum"]
[BlackTeam "SF Lohmar"]

1. e4 Nf6 2. e5 Nd5 3. d4 d6 4. c4 Nb6 5. f4 dxe5 6. fxe5 Bf5 7. Nf3 e6 8. Nc3
Be7 9. Be2 c6 10. O-O N8d7 11. Be3 O-O 12. Nd2 c5 13. Bf3 Bd3 14. Rf2 cxd4 15.
Bxd4 Nc5 16. Be3 Bxc4 17. b4 Nd3 18. Nxc4 Nxc4 0-1

[Event "Solingen"]
[Site "IX. Karnevals-Open"]
[Date "2018.02.10"]
[Round "3.33"]
[White "Egel, Jonas"]
[Black "Hufnagel, Markus"]
[Result "1-0"]
[WhiteElo "1796"]
[BlackElo "1693"]
[PlyCount "59"]
[EventDate "2018.??.??"]
[WhiteTeam "SC Solingen 28"]
[BlackTeam "SW Oberhausen"]

1. e4 c5 2. Nc3 Nc6 3. g3 g6 4. Bg2 Bg7 5. d3 e6 6. Be3 Nd4 7. Qd2 Ne7 8. O-O-O
O-O 9. Bh6 d5 10. h4 b5 11. h5 b4 12. Nce2 Qa5 13. Kb1 Nb5 14. Bxg7 Kxg7 15.
hxg6 fxg6 16. Qh6+ Kf7 17. Qxh7+ Ke8 18. Qg7 d4 19. Rh7 Qd8 20. e5 Rb8 21. Bc6+
Bd7 22. Be4 Bc8 23. Nf4 Nc3+ 24. Ka1 Nxe4 25. dxe4 Kd7 26. Nxg6 Re8 27. Ne2 Rb7
28. Nxd4 Qb6 29. Nxe6+ Kxe6 30. Qf6# 1-0

[Event "Solingen"]
[Site "IX. Karnevals-Open"]
[Date "2018.02.10"]
[Round "3.34"]
[White "Schneider, Ferdinand"]
[Black "Tanz, Manfred"]
[Result "1-0"]
[WhiteElo "1116"]
[BlackElo "1627"]
[PlyCount "127"]
[EventDate "2018.??.??"]
[WhiteTeam "SF Vonkeln"]
[BlackTeam "vereinslos"]

1. e4 c5 2. c3 Nc6 3. Nf3 e5 4. d4 cxd4 5. cxd4 d6 6. d5 Nb8 7. Bd3 Nf6 8. Nc3
a6 9. O-O Be7 10. h3 O-O 11. Bg5 b5 12. Qc2 Nbd7 13. Rac1 Bb7 14. Ne2 Rc8 15.
Qd2 Nc5 16. Ng3 Nxd3 17. Qxd3 h6 18. Be3 Nh7 19. Nf5 Rxc1 20. Rxc1 Bg5 21. Nxg5
Nxg5 22. Qc3 Nxe4 23. Qd3 Nf6 24. Qd2 Qd7 25. Nxh6+ gxh6 26. Bxh6 Ne4 27. Qe3
Re8 28. Qxe4 f5 29. Qf3 Qf7 30. Qg3+ Kh7 31. Qh4 Bxd5 32. Bg5+ Kg8 33. Rd1 Bxa2
34. Rxd6 Be6 35. Bf6 Qh7 36. Qxh7+ Kxh7 37. Rxa6 e4 38. Rb6 Bc4 39. b3 Be2 40.
Bd4 f4 41. Rf6 f3 42. g3 Rc8 43. h4 Rc1+ 44. Kh2 Bf1 45. g4 Bg2 46. h5 Rb1 47.
Kg3 Rxb3 48. Rb6 Rb4 49. Bc5 Rb1 50. g5 Bf1 51. Rb7+ Kg8 52. g6 Bc4 53. h6 Rg1+
54. Kf4 Rxg6 55. h7+ Kh8 56. Bd4+ Rg7 57. Bxg7+ Kxh7 58. Kg5 Bd5 59. Rd7 Bc6
60. Rc7 Bd5 61. Bh6+ Kg8 62. Kg6 Be6 63. Re7 Bd5 64. Re8# 1-0